| 000 | 01018nam a2200253Ia 4500 | ||
|---|---|---|---|
| 008 | 160803s9999 xx 000 0 und d | ||
| 020 | _a9780590400237 | ||
| 100 | _aCole, Joanna | ||
| 245 | 4 | _aThe magic school bus meets the rot squad : | |
| 245 | _ba book about decomposition / | ||
| 245 | _cbased on the episode of the animated TV series, written by John May and Jocelyn Stevenson ; produced by Scholastic Productions, Inc. ; based on the Magic school bus books written by Joanna Cole and illustrated by Bruce Degen | ||
| 260 | _aNew York : | ||
| 260 | _bScholastic Inc. | ||
| 260 | _c1995 | ||
| 300 | _a30 unnumbered pages : | ||
| 300 | _bcolor illustrations ; | ||
| 300 | _c20 cm | ||
| 500 | _a"TV tie-in book adaptation by Linda Beech and illustrated by Carolyn Bracken, TV script written by John May and Joycelyn Stevenson"--Title page verso. | ||
| 650 | _aBiodegradation -- | ||
| 650 | _aNature -- | ||
| 650 | _xJuvenile literature. | ||
| 650 | _xJuvenile literature. | ||
| 700 | _a470 | ||
| 999 |
_c299176 _d299176 |
||